000 00513nam a22001817a 4500
003 CEME
005 20210628203424.0
008 210118b xxu||||| |||| 00| 0 eng d
020 _a0-07-145791-7
040 _cceme
082 _a658.2 HAT
100 _aHattangadi, A.A
_964252
245 _aPlant and machinery failure prevention
260 _aNEWYORK
_bMCGRAW HILL
_c2005
300 _aXXVIII,458P
650 _aMACHINERY FAILURE PREVENTION.PLANT AND MACHINERY FAILURE PREVENTION
_965334
942 _cBK
_2ddc
999 _c573581
_d573581